000 01116nab a22001937a 4500
999 _c6080
_d6080
003 OSt
005 20260121185224.0
008 190502c xxu||||| |||| 00| 0 spa d
040 _cPJ
100 _96857
_aPintos de Tezanos, Lola
245 1 0 _aDelitos previstos en la ley 23.737 :
_bexclusión de la punibilidad y disminución de la pena /
_cLola de Tezanos Pintos.
260 _aCiudad Autónoma de Buenos Aires :
_bThomson Reuters La Ley,
_c2024.
300 _ap. 3-16
505 _aSumario: I. Valoración de circunstancias relativas al injusto penal.— II. Valoración de circunstancias relativas a la culpabilidad.— III. Valoración de circunstancias relativas a los fines de la pena: aplicación de una pena por debajo del mínimo legal.— IV. Soluciones alternativas al juicio: suspensión del proceso a prueba.
505 _t¿Te interesa el texto completo? Solicitalo al correo: koha@justierradelfuego.gov.ar
650 0 _9343
_aDERECHO PENAL
773 0 _02729
_93180
_dBuenos Aires : LexisNexis, 2006-
_tRevista de derecho penal y procesal penal. Nº 6 - Junio 2024
_z9875920622
942 _2udc
_cANA